Los conquistadores

Kaydedildi:
Detaylı Bibliyografya
Yazar: Villaespesa, Francisco (Yazar)
Materyal Türü: Kitap
Dil:İspanyolca
Baskı/Yayın Bilgisi: Caracas Victoria 1920
Konular:
Etiketler: Etiketle
Etiket eklenmemiş, İlk siz ekleyin!

MARC

LEADER 00000nam a2200000 a 4500
001 UCQ5381
003 CL-VaPUC
008 980925e19200000VE |||||||||||||||||spa|d
082 0 4 |a 861  |b VIL  |2 21 
100 0 |a Villaespesa, Francisco  |e author  |9 419514 
245 1 4 |a Los conquistadores 
300 |a 160 p 
942 |c BK 
945 |d 19980925 00:00:00  |a crobeson 
260 |a Caracas  |b Victoria  |c 1920 
650 0 |a Poesías españolas  |9 265100 
650 0 |a Literatura española  |9 306261 
583 |a last modification  |c 19980925 00:00:00  |k Rodrigo Vera 
999 |c 275594  |d 275592 
952 |0 0  |1 0  |4 0  |6 861_000000000000000_VIL_1920  |7 0  |8 A  |9 312371  |a BIBEDU  |b BIBEDU  |d 2019-11-20  |i 1472062  |l 1  |o 861 VIL 1920  |p 1472062  |r 2024-06-08  |s 2024-06-06  |w 2019-11-20  |y BK  |k LIT